Language Quiz

Random Language or Letter Quiz

4-Letter Words by Endpoints Quiz Stats

 Plays Quiz Updated Jun 26, 2019

Score 0/28 Timer 05:00
1 Play Today
Pattern Word % Correct
Q _ _ Tquit
92.3%
Q _ _ Zquiz
92.2%
Z _ _ Mzoom
90.7%
Q _ _ Pquip
89.6%
H _ _ Xhoax
76%
K _ _ Gking
75.3%
M _ _ Wmeow
73.7%
K _ _ Dkind
68.5%
J _ _ Rjeer
66.5%
V _ _ Bverb
66.3%
Z _ _ Yzany
60.9%
Z _ _ Gzing
59.9%
B _ _ Zbuzz
58.9%
U _ _ Tunit
58.1%
Pattern Word % Correct
Z _ _ Ozero
56.6%
L _ _ Xlynx
53.5%
O _ _ Koink
49.6%
H _ _ Bherb
48.7%
W _ _ Bwomb
48%
A _ _ Xapex
47.9%
N _ _ Bnumb
45%
T _ _ Btomb
43.9%
U _ _ Dused
39.5%
B _ _ Cbloc
33%
Z _ _ Tzest
31.4%
U _ _ Curic
21.4%
E _ _ Mexam
19.5%
D _ _ Zditz
18.9%

You're not logged in!

Compare scores with friends on all Sporcle quizzes.
OR
Log In

Show Comments

Extras

Top Quizzes Today


Score Distribution

Your Account Isn't Verified!

In order to create a playlist on Sporcle, you need to verify the email address you used during registration. Go to your Sporcle Settings to finish the process.

Report this User

Report this user for behavior that violates our Community Guidelines.

Details: